Strategic management applied to international construction (Record no. 102743)
[ view plain ]
| 000 -LEADER | |
|---|---|
| fixed length control field | 01141cam a2200253 4500 |
| 008 - FIXED-LENGTH DATA ELEMENTS--GENERAL INFORMATION | |
| fixed length control field | 030331n2003 000 0 eng u |
| 020 ## - INTERNATIONAL STANDARD BOOK NUMBER | |
| International Standard Book Number | 0727732110 |
| 035 ## - SYSTEM CONTROL NUMBER | |
| System control number | (Sirsi) u121802 |
| 041 ## - LANGUAGE CODE | |
| Language code of text/sound track or separate title | eng. |
| 050 ## - LIBRARY OF CONGRESS CALL NUMBER | |
| Classification number | 658.99 |
| -- | 18 |
| 100 ## - MAIN ENTRY--PERSONAL NAME | |
| Personal name | Howes, Rodney |
| 245 ## - TITLE STATEMENT | |
| Title | Strategic management applied to international construction |
| 260 ## - PUBLICATION, DISTRIBUTION, ETC. | |
| Place of publication, distribution, etc. | London |
| Name of publisher, distributor, etc. | Thomas Telford |
| Date of publication, distribution, etc. | 2003 |
| 300 ## - PHYSICAL DESCRIPTION | |
| Extent | 276p. |
| Other physical details | ill. |
| Dimensions | 25cm. |
| 350 ## - PRICE (NR) (BK AM CF MU VM SE) [OBSOLETE] | |
| Price | 19.95 |
| 520 ## - SUMMARY, ETC. | |
| Summary, etc. | Reviews strategies for international management of all aspects relating to construction. Provides coverage of the knowledge required to address strategic issues related to the business of construction on a global scale. Includes case studies of the world's leading consultants, contractors and suppliers of products, materials and construction equipment, to demonstrate current best practice by American, Japanese and European organisations. |
| 650 ## - SUBJECT ADDED ENTRY--TOPICAL TERM | |
| Topical term or geographic name entry element | CONSTRUCTION INDUSTRY |
| 650 ## - SUBJECT ADDED ENTRY--TOPICAL TERM | |
| Topical term or geographic name entry element | GLOBAL CONSTRUCTION |
| 650 ## - SUBJECT ADDED ENTRY--TOPICAL TERM | |
| Topical term or geographic name entry element | INTERNATIONAL CONSTRUCTION |
| 650 ## - SUBJECT ADDED ENTRY--TOPICAL TERM | |
| Topical term or geographic name entry element | STRATEGIC MANAGEMENT |
| 690 ## - LOCAL SUBJECT ADDED ENTRY--TOPICAL TERM (OCLC, RLIN) | |
| Topical term or geographic name as entry element | BUILDING AND CONSTRUCTION-MANAGEMENT |
| 700 ## - ADDED ENTRY--PERSONAL NAME | |
| Personal name | Tah, Joseph H. M. |
| 942 ## - ADDED ENTRY ELEMENTS (KOHA) | |
| Suppress in OPAC | 0 |
| Withdrawn status | Lost status | Source of classification or shelving scheme | Damaged status | Not for loan | Home library | Current library | Shelving location | Date acquired | Cost, normal purchase price | Total Checkouts | Full call number | Barcode | Date last seen | Date last checked out | Copy number | Cost, replacement price | Price effective from | Koha item type |
|---|---|---|---|---|---|---|---|---|---|---|---|---|---|---|---|---|---|---|
| Dewey Decimal Classification | London | London | Books | 01/05/2003 | 16.96 | 21 | 658.99 HOW | 30068575 | 06/08/2019 | 23/10/2008 | 1 | 16.96 | 06/08/2019 | Book |